Länder mit der höchsten Kakaoproduktion - Statistiken

Allgemein
  • Dieses Quiz wurde 79 mal gespielt
  • Das Durchschnittsergebnis liegt bei 9 aus 14
Antwortstatistiken
Platz Land Produktion in Tonnen % Korrekt
6. Brasilien 256.186
94%
11. Kolumbien 46.739
87%
1. Elfenbeinküste 1.448.992
77%
2. Ghana 835.466
77%
9. Peru 71.175
77%
4. Nigeria 367.000
72%
13. Venezuela 31.236
72%
7. Ecuador 128.446
71%
8. Mexiko 82.000
71%
5. Kamerun 275.000
70%
3. Indonesien 777.500
67%
14. Uganda 20.000
33%
12. Papua-Neuguinea 41.200
30%
10. Dominikanische Republik 68.021
20%
Keine übereinstimmenden Quizze gefunden
Verteilung der Resultate
Anzahl Personen mit jedem Resultat
Perzentil nach korrekt beantworteten Fragen
Ihre Resultats-Entwicklung
Sie haben dieses Quiz noch nicht gespielt